| 000 | 01080cab a22001935a 4500 | ||
|---|---|---|---|
| 001 | L142645 | ||
| 008 | 080226e20080207xxk f 000 0 eng d | ||
| 035 | _a(Sirsi) u142645 | ||
| 041 | 0 | _aeng | |
| 100 | 1 | _aRedfern, Bernadette | |
| 245 | 0 | 0 |
_aCover story _bMiddle East |
| 260 | _c2008 | ||
| 490 | 0 |
_aNew Civil Engineer _v7 February 2008, 20-26(5) |
|
| 520 | _aReports on the busy construction market in the Middle East which has generated a strong demand for UK consultants and contractors. There are currently £92bn worth of construction projects on site across Bahrain, Kuwait, Oman, Qatar, Saudi Arabia and the United Arab Emirates, with an additional £462bn of planned projects. Discusses various issues for UK consultants working in the region, including Gulf clients requesting framework contracts and problems with the region?s basic infrastructure. Includes a list of the top 15 UK consultancies working in the Middle East and details of major projects. | ||
| 590 | _aKA | ||
| 651 | 4 | _aMiddle East | |
| 690 | _aBUILT ENVIRONMENT-CONSTRUCTION MARKET | ||
| 942 | _n0 | ||
| 999 |
_c79889 _d79889 |
||